Canadian Provinces/Territories By Island - Statistics

General Stats
  • This quiz has been taken 16 times
  • The average score is 9 of 13
Answer Stats
Hint Answer % Correct
Newfoundland Newfoundland and Labrador
92%
Vancouver Island British Columbia
85%
Baffin Island Nunavut
85%
Manitoulin Island Ontario
77%
Anticosti Island Quebec
77%
Sable Island Nova Scotia
69%
Itself Prince Edward Island
69%
Bustard Island Alberta
62%
Lameque Island New Brunswick
62%
Banks Island Northwest Territories
62%
Ispatinow Island Saskatchewan
62%
Herschel Island Yukon
62%
Reindeer Island Manitoba
54%
No matching quizzes found
Score Distribution
Percent of People with Each Score
Percentile by Number Answered
Your Score History
You have not taken this quiz